thailand / (Record no. 196172)

MARC details
000 -LEADER
fixed length control field 00817nam a2200265 i 4500
003 - CONTROL NUMBER IDENTIFIER
control field OSt
005 - DATE AND TIME OF LATEST TRANSACTION
control field 20240704125703.0
008 - FIXED-LENGTH DATA ELEMENTS--GENERAL INFORMATION
fixed length control field 240704t20102010io a f 000 0 ind d
020 ## - INTERNATIONAL STANDARD BOOK NUMBER
International Standard Book Number 9789792769357
Qualifying information paperback
040 ## - CATALOGING SOURCE
Original cataloging agency PPAK
Language of cataloging eng
Transcribing agency PPAK
Description conventions rda
082 04 - DEWEY DECIMAL CLASSIFICATION NUMBER
Edition number 23
Classification number 915.9304
090 00 - LOCALLY ASSIGNED LC-TYPE CALL NUMBER (OCLC); LOCAL CALL NUMBER (RLIN)
Classification number (OCLC) (R) ; Classification number, CALL (RLIN) (NR) 915.9304
Feature heading PON
Feature heading KZR
100 1# - MAIN ENTRY--PERSONAL NAME
Personal name Pongsitanan, Stella,
Relator term author.
245 10 - TITLE STATEMENT
Title thailand /
Statement of responsibility, etc. Stella Pongsitanan
264 #1 - PRODUCTION, PUBLICATION, DISTRIBUTION, MANUFACTURE, AND COPYRIGHT NOTICE
Place of production, publication, distribution, manufacture Jakarta :
Name of producer, publisher, distributor, manufacturer PT Elex Media Komputindo,
Date of production, publication, distribution, manufacture, or copyright notice 2010
Date of production, publication, distribution, manufacture, or copyright notice ©2010
300 ## - PHYSICAL DESCRIPTION
Extent 64 pages :
Other physical details illustrations (some color) ;
Dimensions 23 cm
336 ## - CONTENT TYPE
Content type term text
Source rdacontent
337 ## - MEDIA TYPE
Media type term unmediated
Source rdamedia
338 ## - CARRIER TYPE
Carrier type term volume
Source rdacarrier
490 1# - SERIES STATEMENT
Series statement Seri Wisata Asean
651 #0 - SUBJECT ADDED ENTRY--GEOGRAPHIC NAME
Geographic name Thailand
Form subdivision Description and travel
General subdivision Guidebooks
830 ## - SERIES ADDED ENTRY--UNIFORM TITLE
Uniform title Seri Wisata Asean
942 ## - ADDED ENTRY ELEMENTS (KOHA)
Source of classification or shelving scheme Dewey Decimal Classification
Koha item type Book
Holdings
Withdrawn Not for loan Current library Shelving location Date acquired Total Checkouts Full call number Barcode Date last seen Koha item type
  Not For Loan Perpustakaan Alor Setar Koleksi Zahidi Zainol Rashid 15/08/2024   KZR 915.9304 PON A00367562 15/08/2024 Book